LEADER 01191cam2 2200265 450 001 E600200060517 005 20211028071405.0 100 $a20100225d1999 |||||ita|0103 ba 101 $ager 102 $aDE 200 1 $a9 (36): Zwischen Weimar und Jena$eEinsam-Tätiges Alter II$eBriefe, Tagebücher und Gespräche vom 6. Juni 1816 bis zum 26. Dezember 1822$eTeil II$eVom 27. Oktober 1819 bis zum 26. Dezember 1822$fJohann Wolfgang Goethe$ghrsg. von Dorothea Schäfer-Weiss 210 $aFrankfurt am Main$cDeutscher Klassiker Verlag$d1999 215 $a797 p.$c16 ill.$d18 cm. 461 1$1001E600200060502$12000 $a2. Abteilung : [Briefe, Tagebücher und Gespräche] 700 1$aGoethe$b, Johann Wolfgang : von$3AF00017461$4070$0151776 702 1$aSchäfer-Weiss, Dorothea$3A600200048234$4070 801 0$aIT$bUNISOB$c20211028$gRICA 850 $aUNISOB 852 $aUNISOB$j830|Coll|13|K$m138511 912 $aE600200060517 940 $aM 102 Monografia moderna SBN 941 $aM 957 $a830|Coll|13|K$b000036$gSi$d138511$racquisto$1beth$2UNISOB$3UNISOB$420100225091353.0$520211028071356.0$6Spinosa 996 $a9 (36): Zwischen Weimar und Jena$91704080 997 $aUNISOB LEADER 02670oas 2201117 a 450 001 9910137656103321 005 20260310213014.0 011 $a1998-3808 035 $a(DE-599)ZDB2059213-9 035 $a(DE-599)2059213-9 035 $a(OCoLC)123401890 035 $a(CONSER) 2008263034 035 $a(CKB)110978976781827 035 $a(EXLCZ)99110978976781827 100 $a19841128a19849999 sy 101 0 $aeng 135 $aur|n||||||||| 181 $ctxt$2rdacontent 182 $cc$2rdamedia 183 $acr$2rdacarrier 200 10$aIndian journal of radiology & imaging 210 $aMumbai $cIndian journal of radiology & imaging 215 $a1 online resource 300 $aRefereed/Peer-reviewed 311 08$a0970-2016 517 1 $aIJRI 517 1 $aIndian journal of radiology and imaging 531 10$aIndian j. radiol. imaging - new series (Print) 606 $aRadiology$vPeriodicals 606 $aRadiography 606 $aRadiology 606 $aRadiologie$vPe?riodiques 606 $aRadiographie 606 $aRadiologie 606 $aradiology$2aat 606 $aRadiology$2fast$3(OCoLC)fst01088271 606 $aRadiografia$2thub 608 $aPeriodical 608 $aperiodicals.$2aat 608 $aPeriodicals.$2fast 608 $aPeriodicals.$2lcgft 608 $aPe?riodiques.$2rvmgf 608 $aRevistes electròniques.$2thub 615 0$aRadiology 615 2$aRadiography 615 2$aRadiology 615 6$aRadiologie 615 6$aRadiographie. 615 6$aRadiologie. 615 7$aradiology. 615 7$aRadiology. 615 7$aRadiografia. 676 $a616.075705 712 02$aIndian Radiological & Imaging Association. 801 0$bICRL 801 1$bCUD 801 2$bOCLCQ 801 2$bTXA 801 2$bOCLCS 801 2$bOCLCQ 801 2$bOCLCF 801 2$bCUS 801 2$bOCLCQ 801 2$bOCLCO 801 2$bOCLCQ 801 2$bLGG 801 2$bORU 801 2$bCSU 801 2$bOCLCO 801 2$bOCLCA 801 2$bVT2 801 2$bWY@ 801 2$bOCLCO 801 2$bOCLCA 801 2$bBUF 801 2$bOCLCO 801 2$bMOW 801 2$bAU@ 801 2$bOCLCO 801 2$bWYU 801 2$bOCLCO 801 2$bOCLCA 801 2$bCNTRU 801 2$bOCLCQ 801 2$bOCLCO 801 2$bOCLCQ 801 2$bIOY 801 2$bVLY 801 2$bSFB 801 2$bUEJ 801 2$bOCLCL 801 2$bOCLCQ 906 $aJOURNAL 912 $a9910137656103321 996 $aIndian journal of radiology & imaging$92117235 997 $aUNINA